000 00589nam a2200193 i 4500
001 85516
003 ES-MaACL
005 20230906175245.0
007 t|
008 041128q1972 sp ||||1| spa d
245 0 0 _aJurisprudencia de Propiedad industrial /
_ccompilada y comentada por Ramón Pella y Jorge Pedemonte.
260 _aBarcelona :
_bBosch,
_c[1972-]
300 _av ;
_c20 cm.
500 _aFalta t.1.
505 8 _aContiene: T. II. Años 1962-1967 (2 v.)
700 1 _aPella, Ramón.
_990050
700 1 _aPedemonte, Jorge.
_989866
852 _aES-MaACL
_jP-1828
_bR.83627
999 _c85516
_d85516